Kalidas Aur Unka Group (Record no. 1370702)

MARC details
000 -LEADER
fixed length control field 00623nam a2200253Ia 4500
008 - FIXED-LENGTH DATA ELEMENTS--GENERAL INFORMATION
fixed length control field 160321s9999||||xx |||||||||||||| ||und||
040 ## - CATALOGING SOURCE
Transcribing agency Hindi
082 ## - DEWEY DECIMAL CLASSIFICATION NUMBER
Classification number VII.A(Author) Kalidas/Pande
082 ## - DEWEY DECIMAL CLASSIFICATION NUMBER
Item number BORI-83112
100 ## - MAIN ENTRY--PERSONAL NAME
Personal name Govind Chandra Pande
245 ## - TITLE STATEMENT
Title Kalidas Aur Unka Group
300 ## - PHYSICAL DESCRIPTION
Extent 166
300 ## - PHYSICAL DESCRIPTION
Dimensions C
300 ## - PHYSICAL DESCRIPTION
Accompanying material Hardbound
530 ## - ADDITIONAL PHYSICAL FORM AVAILABLE NOTE
Uniform Resource Identifier <a href="00095776.pdf">00095776.pdf</a>
563 ## - BINDING INFORMATION
Binding note Study
600 ## - SUBJECT ADDED ENTRY--PERSONAL NAME
Personal name Govind Chandra Pande
630 ## - SUBJECT ADDED ENTRY--UNIFORM TITLE
Uniform title Kalidas Aur Unka Group
650 ## - SUBJECT ADDED ENTRY--TOPICAL TERM
Topical term or geographic name as entry element Author
650 ## - SUBJECT ADDED ENTRY--TOPICAL TERM
Topical term or geographic name as entry element Classical Lit.
700 ## - ADDED ENTRY--PERSONAL NAME
Personal name Govind Chandra Pande
730 ## - ADDED ENTRY--UNIFORM TITLE
Uniform title Kalidas Aur Unka Group
942 ## - ADDED ENTRY ELEMENTS (KOHA)
Koha item type Book
Holdings
Withdrawn status Lost status Damaged status Not for loan Home library Current library Date acquired Cost, normal purchase price Total Checkouts Full call number Barcode Date last seen Cost, replacement price Price effective from Koha item type
        Bhandarkar Oriental Research Institute, Pune Bhandarkar Oriental Research Institute, Pune 11/11/1998 280.00   BORI-83112 BORI-83112 03/21/2016 280.00 03/21/2016 Book